| 000 | 01354cam a2200229 4500 | ||
|---|---|---|---|
| 001 | ABS63900 | ||
| 008 | 000000n2001 000 0 eng u | ||
| 035 | _a(Sirsi) u112430 | ||
| 245 | _aBrocklesby v Armitage & Guest | ||
| 260 | _c2001 | ||
| 490 |
_aEstates Gazette _v[2001] 14 EG 150-154(5) |
||
| 520 | _aCA 9 July 1999. The appellant (B) was appealing aginst a decision of Leeds District Registry which had disallowed proceedings against the respondent (A) for negligence. B had acquired a property from a company with the aid of a mortgage. A few months later due to B's illness it was agreed that the company would repurchase the property. The defendants solicitor was instructed to act for both parties but failed to produce B's release from the mortgage. B brought proceedings against A for failing to secure the release. The proceedings were disallowed because B had insufficient particulars but B appealed. Held that B had given sufficient particulars in his reply. Appeal allowed. | ||
| 590 | _aABS | ||
| 650 | _aBROCKLESBY V ARMITAGE & GUEST | ||
| 650 | _aPROFESSIONAL NEGLIGENCE | ||
| 650 | _aLIMITATION ACT 1980 | ||
| 650 | _aLIMITATION PERIOD | ||
| 650 | _aKING V VICTOR PARSONS | ||
| 650 | _aSHELDON V RHM OUTHWAITE (UNDERWRITING AGENCIES) LTD | ||
| 690 | _aMANAGEMENT-BUSINESS MANAGEMENT-PROFESSIONAL PRACTICE | ||
| 942 | _n0 | ||
| 999 |
_c66920 _d66920 |
||